000 00804nam a22002531 4500
001 34384
003 BD-RjUL
005 20211209052142.0
008 140517r19611957ilua 000 0 eng d
035 _a(BD-RjUL)34478
040 _aDLC
_cDLC
_dDLC
_dBD-RjUL
_beng
041 _aeng
082 0 0 _a307.76
_221
_bCIT 1961
245 1 0 _aCities and society :
_bthe revised Reader in urban sociology /
_cEdited by Paul K. Hatt and Albert J. Reiss, Jr.
260 _aGlencoe, Ill. :
_bFree Press,
_cc1957 [Reprinted 1961]
300 _a852 p. :
_bill. ;
_c24 cm.
650 0 _aSociology, Urban.
_9104559
700 1 _aReiss, Albert J.,
_ejoint ed.
_9103183
700 1 _aHatt, Paul K.,
_97828
942 _2ddc
_cBK
999 _c34384
_d34384